[Event "African Online-ch Women 2021"]
[Site "Online"]
[Date "2021.02.01"]
[Round "8.12"]
[White "Du Plessis, Anika"]
[Black "Farnela, Nuzela Zacarias Musi"]
[Result "1-0"]
[WhiteElo "1541"]
[BlackElo "1431"]
[Annotator "NA RC"]
[PlyCount "83"]
[EventDate "2021.02.01"]
[EventType "swiss"]
[EventCountry "NET"]
[SourceTitle "playchess.com"]
[Source "ChessBase"]
[SourceQuality "1"]
[TimeControl "1500+10"]

1. e4 {[%emt 0:00:00]} e5 {[%emt 0:00:08]} 2. Nf3 {[%emt 0:00:03]} Nc6 {[%emt 0:00:10]} 3. d4 {[%emt 0:00:02]} exd4 {[%emt 0:00:13]} 4. Nxd4 {[%emt 0:00:02]} Nxd4 {[%emt 0:00:10]} 5. Qxd4 {[%emt 0:00:03]} d6 {[%emt 0:00:17]} 6. Nc3 {[%emt 0:00:19]} Be6 {[%emt 0:00:12]} 7. Be2 {[%emt 0:00:14]} Nf6 {[%emt 0:00:07]} 8. O-O {[%emt 0:00:04]} Be7 {[%emt 0:00:24]} 9. e5 {[%emt 0:03:25]} dxe5 {[%emt 0:00:31]} 10. Qxe5 {[%emt 0:00:04]} Bd6 {[%emt 0:00:07]} 11. Qb5+ {[%emt 0:00:38]} Qd7 {[%emt 0:01:18]} 12. Qxb7 {[%emt 0:01:36]} O-O {[%emt 0:00:28]} 13. Bb5 {[%emt 0:01:01]} Qd8 {[%emt 0:01:20]} 14. Bg5 {[%emt 0:01:22]} h6 {[%emt 0:00:30]} 15. Bh4 {[%emt 0:00:18]} Be7 {[%emt 0:00:29]} 16. Bc6 {[%emt 0:00:43]} Qc8 {[%emt 0:00:25]} 17. Qxa8 {[%emt 0:00:07]} Qxa8 {[%emt 0:00:08]} 18. Bxa8 {[%emt 0:00:02]} Rxa8 {[%emt 0:00:05]} 19. Rfe1 {[%emt 0:01:48]} Re8 {[%emt 0:00:09]} 20. Nb5 {[%emt 0:00:11]} Rb8 {[%emt 0:00:50]} 21. Nxc7 {[%emt 0:00:07]} Rxb2 {[%emt 0:00:21]} 22. Nxe6 {[%emt 0:00:05]} fxe6 {[%emt 0:00:11]} 23. Rxe6 {[%emt 0:00:06]} Kf7 {[%emt 0:00:05]} 24. Rae1 {[%emt 0:00:04]} Bd8 {[%emt 0:00:15]} 25. Ra6 {[%emt 0:00:17]} Bb6 {[%emt 0:00:20]} 26. h3 {[%emt 0:01:58]} Rxc2 {[%emt 0:00:19]} 27. Ra3 {[%emt 0:00:34]} g5 {[%emt 0:00:48]} 28. Bg3 {[%emt 0:00:11]} Nh5 {[%emt 0:00:36]} 29. Rf3+ {[%emt 0:00:11]} Kg6 {[%emt 0:00:30]} 30. Re6+ {[%emt 0:00:30]} Kh7 {[%emt 0:01:37]} 31. Be5 {[%emt 0:01:43]} Rc1+ {[%emt 0:00:41]} 32. Kh2 {[%emt 0:00:04]} Nf4 {[%emt 0:00:13]} 33. Bxf4 {[%emt 0:00:18]} gxf4 {[%emt 0:00:07]} 34. h4 {[%emt 0:00:42]} Rc2 {[%emt 0:00:22]} 35. Kh3 {[%emt 0:00:23]} Rc1 {[%emt 0:01:57]} 36. Rxf4 {[%emt 0:00:19]} h5 {[%emt 0:00:48]} 37. g4 {[%emt 0:00:22]} Rc3+ {[%emt 0:01:11]} 38. f3 {[%emt 0:01:01]} hxg4+ {[%emt 0:00:18]} 39. Kxg4 {[%emt 0:00:05]} Bc7 {[%emt 0:00:12]} 40. Rf7+ {[%emt 0:00:12]} Kg8 {[%emt 0:00:09]} 41. Rd7 {[%emt 0:00:04]} Rc2 {[%emt 0:00:29]} 42. Re8# {[%emt 0:00:05]} 1-0

[Event "African Online-ch Women 2021"]
[Site "Online"]
[Date "2021.02.01"]
[Round "8.13"]
[White "Jambo, Linda"]
[Black "Leboela, Maboloko"]
[Result "1-0"]
[WhiteElo "1478"]
[BlackElo "1296"]
[Annotator "NA RC"]
[PlyCount "134"]
[EventDate "2021.02.01"]
[EventType "swiss"]
[EventCountry "NET"]
[SourceTitle "playchess.com"]
[Source "ChessBase"]
[SourceQuality "1"]
[TimeControl "1500+10"]

1. e4 {[%emt 0:00:00]} e5 {[%emt 0:00:10]} 2. Nf3 {[%emt 0:00:06]} Nc6 {[%emt 0:00:03]} 3. Bc4 {[%emt 0:00:10]} Bc5 {[%emt 0:00:05]} 4. c3 {[%emt 0:00:05]} Nf6 {[%emt 0:00:13]} 5. d4 {[%emt 0:00:31]} exd4 {[%emt 0:00:07]} 6. cxd4 {[%emt 0:00:04]} Bb4+ {[%emt 0:00:07]} 7. Nc3 {[%emt 0:00:07]} Nxe4 {[%emt 0:00:25]} 8. O-O {[%emt 0:00:04]} Nxc3 {[%emt 0:00:08]} 9. bxc3 {[%emt 0:00:04]} Be7 {[%emt 0:00:14]} 10. Qb3 {[%emt 0:01:19]} O-O {[%emt 0:00:08]} 11. Re1 {[%emt 0:00:03]} Na5 {[%emt 0:00:10]} 12. Qa4 {[%emt 0:01:41]} Nxc4 {[%emt 0:00:12]} 13. Qxc4 {[%emt 0:00:03]} d5 {[%emt 0:00:07]} 14. Qe2 {[%emt 0:00:17]} Bg4 {[%emt 0:00:04]} 15. Qxe7 {[%emt 0:00:54]} Qxe7 {[%emt 0:00:06]} 16. Rxe7 {[%emt 0:00:06]} Bxf3 {[%emt 0:00:21]} 17. gxf3 {[%emt 0:00:04]} Rac8 {[%emt 0:00:04]} 18. Bf4 {[%emt 0:00:09]} f6 {[%emt 0:00:32]} 19. Rxc7 {[%emt 0:00:20]} Rxc7 {[%emt 0:00:03]} 20. Bxc7 {[%emt 0:00:04]} Rc8 {[%emt 0:00:02]} 21. Ba5 {[%emt 0:00:03]} b6 {[%emt 0:00:03]} 22. Bb4 {[%emt 0:00:09]} a5 {[%emt 0:00:03]} 23. Bd6 {[%emt 0:00:15]} Rxc3 {[%emt 0:00:03]} 24. Rb1 {[%emt 0:00:23]} Rxf3 {[%emt 0:00:19]} 25. Rxb6 {[%emt 0:00:04]} Rd3 {[%emt 0:00:03]} 26. Bc5 {[%emt 0:00:09]} Rd2 {[%emt 0:00:25]} 27. a3 {[%emt 0:00:04]} Kf7 {[%emt 0:00:08]} 28. Ra6 {[%emt 0:00:04]} h5 {[%emt 0:00:21]} 29. Rxa5 {[%emt 0:00:03]} h4 {[%emt 0:00:02]} 30. Ra7+ {[%emt 0:01:04]} Kg6 {[%emt 0:00:07]} 31. Kg2 {[%emt 0:00:04]} Kh6 {[%emt 0:00:07]} 32. a4 {[%emt 0:00:10]} g5 {[%emt 0:00:04]} 33. h3 {[%emt 0:00:36]} f5 {[%emt 0:00:12]} 34. Bf8+ {[%emt 0:00:13]} Kg6 {[%emt 0:00:08]} 35. Ra6+ {[%emt 0:00:46]} Kf7 {[%emt 0:00:12]} 36. Bc5 {[%emt 0:00:30]} g4 {[%emt 0:00:10]} 37. hxg4 {[%emt 0:00:40]} fxg4 {[%emt 0:00:04]} 38. Rh6 {[%emt 0:01:42]} h3+ {[%emt 0:00:32]} 39. Kg3 {[%emt 0:00:13]} Kg7 {[%emt 0:00:16]} 40. Rh4 {[%emt 0:00:40]} Kf6 {[%emt 0:00:27]} 41. Rxg4 {[%emt 0:00:04]} h2 {[%emt 0:00:04]} 42. Rh4 {[%emt 0:00:43]} Ra2 {[%emt 0:00:16]} 43. Rxh2 {[%emt 0:00:10]} Rxa4 {[%emt 0:00:03]} 44. Kf4 {[%emt 0:00:09]} Ra2 {[%emt 0:00:17]} 45. Ke3 {[%emt 0:01:01]} Rb2 {[%emt 0:00:21]} 46. Rh6+ {[%emt 0:00:06]} Kg5 {[%emt 0:00:03]} 47. Rd6 {[%emt 0:00:03]} Rb3+ {[%emt 0:00:06]} 48. Ke2 {[%emt 0:00:06]} Rb2+ {[%emt 0:00:02]} 49. Kf3 {[%emt 0:00:03]} Rb3+ {[%emt 0:00:03]} 50. Kg2 {[%emt 0:00:03]} Rd3 {[%emt 0:00:11]} 51. Rxd5+ {[%emt 0:00:07]} Kf4 {[%emt 0:00:02]} 52. Rd8 {[%emt 0:01:02]} Rb3 {[%emt 0:00:10]} 53. d5 {[%emt 0:00:19]} Ke5 {[%emt 0:00:08]} 54. d6 {[%emt 0:00:05]} Rc3 {[%emt 0:00:09]} 55. Be3 {[%emt 0:00:19]} Rd3 {[%emt 0:00:04]} 56. d7 {[%emt 0:00:04]} Ke6 {[%emt 0:00:03]} 57. Kf3 {[%emt 0:00:49]} Rd6 {[%emt 0:00:08]} 58. Ke4 {[%emt 0:00:44]} Ke7 {[%emt 0:00:13]} 59. Bc5 {[%emt 0:01:20]} Kxd8 {[%emt 0:00:07]} 60. Bxd6 {[%emt 0:00:03]} Kxd7 {[%emt 0:00:02]} 61. Ke5 {[%emt 0:00:05]} Ke8 {[%emt 0:00:03]} 62. f4 {[%emt 0:00:02]} Kf7 {[%emt 0:00:02]} 63. f5 {[%emt 0:00:03]} Ke8 {[%emt 0:00:02]} 64. f6 {[%emt 0:00:03]} Kf7 {[%emt 0:00:02]} 65. Kf5 {[%emt 0:00:23]} Ke8 {[%emt 0:00:03]} 66. Ke6 {[%emt 0:00:04]} Kd8 {[%emt 0:00:07]} 67. f7 {[%emt 0:00:05]} Kc8 {[%emt 0:00:03]} 1-0

[Event "African Online-ch Women 2021"]
[Site "Online"]
[Date "2021.02.01"]
[Round "8.15"]
[White "Malehloa, Likhomo"]
[Black "Karania, Saloni"]
[Result "1-0"]
[WhiteElo "1331"]
[BlackElo "1304"]
[Annotator "NA RC"]
[PlyCount "103"]
[EventDate "2021.02.01"]
[EventType "swiss"]
[EventCountry "NET"]
[SourceTitle "playchess.com"]
[Source "ChessBase"]
[SourceQuality "1"]
[TimeControl "1500+10"]

1. d4 {[%emt 0:00:00]} d5 {[%emt 0:00:04]} 2. Nc3 {[%emt 0:00:10]} Bf5 {[%emt 0:00:06]} 3. Bf4 {[%emt 0:00:08]} c6 {[%emt 0:00:12]} 4. e3 {[%emt 0:00:43]} Nf6 {[%emt 0:00:06]} 5. h3 {[%emt 0:00:24]} g6 {[%emt 0:00:27]} 6. Be2 {[%emt 0:00:42]} Bg7 {[%emt 0:00:22]} 7. Qd2 {[%emt 0:00:23]} Nbd7 {[%emt 0:00:48]} 8. O-O-O {[%emt 0:00:29]} Ne4 {[%emt 0:00:38]} 9. Nxe4 {[%emt 0:00:08]} Bxe4 {[%emt 0:00:04]} 10. f3 {[%emt 0:00:05]} Bf5 {[%emt 0:00:28]} 11. g4 {[%emt 0:00:15]} Be6 {[%emt 0:00:14]} 12. h4 {[%emt 0:00:51]} f5 {[%emt 0:00:40]} 13. Qb4 {[%emt 0:00:51]} Qb6 {[%emt 0:01:27]} 14. Qxb6 {[%emt 0:00:11]} Nxb6 {[%emt 0:00:02]} 15. a3 {[%emt 0:00:27]} Rc8 {[%emt 0:01:15]} 16. g5 {[%emt 0:00:30]} c5 {[%emt 0:01:36]} 17. Be5 {[%emt 0:00:15]} Bxe5 {[%emt 0:00:35]} 18. dxe5 {[%emt 0:00:06]} c4 {[%emt 0:00:31]} 19. f4 {[%emt 0:00:08]} Kf7 {[%emt 0:00:23]} 20. Nf3 {[%emt 0:00:06]} Rhd8 {[%emt 0:00:35]} 21. h5 {[%emt 0:00:07]} Rh8 {[%emt 0:00:55]} 22. Nd4 {[%emt 0:00:07]} a6 {[%emt 0:00:52]} 23. Rh2 {[%emt 0:00:06]} Kg7 {[%emt 0:00:29]} 24. Nxe6+ {[%emt 0:00:06]} Kf7 {[%emt 0:00:21]} 25. Nd4 {[%emt 0:00:03]} Na4 {[%emt 0:01:12]} 26. Rdh1 {[%emt 0:00:14]} Kg7 {[%emt 0:01:26]} 27. hxg6 {[%emt 0:00:06]} hxg6 {[%emt 0:00:11]} 28. Ne6+ {[%emt 0:00:06]} Kf7 {[%emt 0:00:09]} 29. Rxh8 {[%emt 0:00:09]} Rxh8 {[%emt 0:00:05]} 30. Rxh8 {[%emt 0:00:04]} Kxe6 {[%emt 0:00:02]} 31. Rb8 {[%emt 0:00:08]} b5 {[%emt 0:00:03]} 32. Rb6+ {[%emt 0:00:03]} Kd7 {[%emt 0:00:06]} 33. Rxa6 {[%emt 0:00:02]} Nc5 {[%emt 0:00:07]} 34. Rxg6 {[%emt 0:00:15]} Ne4 {[%emt 0:00:08]} 35. Rg8 {[%emt 0:00:07]} Ng3 {[%emt 0:00:08]} 36. Bd1 {[%emt 0:00:04]} e6 {[%emt 0:00:13]} 37. Rb8 {[%emt 0:00:16]} Ke7 {[%emt 0:00:10]} 38. Rxb5 {[%emt 0:00:03]} Nf1 {[%emt 0:00:13]} 39. a4 {[%emt 0:00:07]} Nxe3 {[%emt 0:00:03]} 40. a5 {[%emt 0:00:02]} d4 {[%emt 0:00:21]} 41. a6 {[%emt 0:00:04]} Nd5 {[%emt 0:00:01]} 42. a7 {[%emt 0:00:05]} Nc7 {[%emt 0:00:07]} 43. Rb7 {[%emt 0:00:03]} Kd8 {[%emt 0:00:02]} 44. Rxc7 {[%emt 0:00:03]} Kxc7 {[%emt 0:00:01]} 45. a8=Q {[%emt 0:00:05]} d3 {[%emt 0:00:17]} 46. Qa7+ {[%emt 0:00:06]} Kc8 {[%emt 0:00:02]} 47. Qc5+ {[%emt 0:00:04]} Kd8 {[%emt 0:00:05]} 48. Qxc4 {[%emt 0:00:02]} dxc2 {[%emt 0:00:05]} 49. Bxc2 {[%emt 0:00:09]} Ke7 {[%emt 0:00:03]} 50. b4 {[%emt 0:00:04]} Kf7 {[%emt 0:00:09]} 51. b5 {[%emt 0:00:02]} Kg7 {[%emt 0:00:07]} 52. b6 {[%emt 0:00:03]} 1-0

[Event "African Online-ch Women 2021"]
[Site "Online"]
[Date "2021.02.01"]
[Round "9.1"]
[White "Mezioud, Amina"]
[Black "Miladi, Amen"]
[Result "1-0"]
[WhiteElo "2071"]
[BlackElo "1802"]
[Annotator "TA"]
[PlyCount "81"]
[EventDate "2021.02.01"]
[EventType "swiss"]
[EventCountry "NET"]
[SourceTitle "playchess.com"]
[Source "ChessBase"]
[SourceQuality "1"]

{[%evp 19,81,47,51,37,79,35,85,49,57,10,18,0,72,46,51,0,0,0,0,-5,-12,0,0,0,0,-36,-14,-35,0,0,0,-101,-24,-22,0,0,0,-6,0,0,0,0,1,0,0,0,406,162,12245,6391,29978,29979,29982,29983,29983,29984,29984,29985,29986,29987,29987,29988,29988,29989]} 1. e4 c5 2. Nf3 e6 3. d4 cxd4 4. Nxd4 a6 5. Bd3 Nf6 6. Qe2 d6 7. O-O Qc7 8. c4 Nc6 9. Nxc6 bxc6 10. Nc3 Be7 11. f4 {B42: Sicilian: Kan Variation: 5 Bd3.} d5 12. e5 Nd7 13. Kh1 {[#] White is better.} Bb7 $146 ({Predecessor:} 13... O-O 14. b3 Nc5 15. cxd5 Nxd3 16. Qxd3 cxd5 17. Bb2 Bb7 18. Rac1 Qa5 19. a3 Rad8 {1-0 (36) Kulon,K (2347)-Kerciku,S (1573) Batumi 2018}) 14. Bd2 Nc5 15. Bc2 Rd8 (15... d4 $11) 16. Na4 Nxa4 17. Bxa4 (17. cxd5 $1 $14 exd5 18. Bxa4) 17... dxc4 $11 18. Bc3 O-O 19. Qxc4 c5 20. Qe2 Bc6 21. Bxc6 Qxc6 22. Rad1 Qb5 23. Qc2 (23. Qf3 {with more complications.} g6 24. g4 Rxd1 25. Rxd1 Rd8 26. Rxd8+ Bxd8 27. Kg2) 23... c4 24. Rxd8 Rxd8 25. Rd1 (25. f5 $11) 25... Rxd1+ (25... Rd3 $17) 26. Qxd1 Qd5 (26... Qc6 {seems wilder.} 27. h3 h6 28. Qd4 g6 29. b3 cxb3 30. axb3 Kg7) 27. Qxd5 exd5 {[%mdl 4096] Endgame KB-KB} 28. Bd4 f6 29. Kg1 Kf7 30. Kf2 Ke6 31. Ke3 fxe5 32. Bxe5 Bf6 {[%mdl 8192] [#]} (32... g5 $11) 33. Kd4 $2 (33. Bxf6 gxf6 34. g4) 33... Bxe5+ (33... Bd8) 34. fxe5 $18 {KP-KP} a5 35. a4 {White mates.} g6 36. g3 h6 37. h3 h5 38. h4 g5 39. hxg5 Kf5 40. Kxd5 Kxg5 41. e6 {Weighted Error Value: White=0.24/Black=0.50} 1-0

[Event "African Online-ch Women 2021"]
[Site "Online"]
[Date "2021.02.01"]
[Round "9.2"]
[White "Shaba, Linda Dalitso"]
[Black "Latreche, Khadidja"]
[Result "1-0"]
[WhiteElo "1603"]
[BlackElo "1900"]
[Annotator "TA"]
[PlyCount "65"]
[EventDate "2021.02.01"]
[EventType "swiss"]
[EventCountry "NET"]
[SourceTitle "playchess.com"]
[Source "ChessBase"]
[SourceQuality "1"]

{[%evp 21,64,0,0,0,0,0,0,0,0,0,0,1,15,25,37,46,89,67,189,178,197,189,222,201,239,237,255,256,266,263,252,229,294,234,535,464,445,444,29997,29998,29998,29998,29998,29999,29999]} 1. d4 Nf6 2. c4 e6 3. Nf3 d5 4. g3 Be7 5. Bg2 O-O 6. O-O dxc4 7. Ne5 Nc6 8. Nxc6 bxc6 9. Bxc6 Rb8 10. Nc3 Bb7 11. Bxb7 Rxb7 12. Rb1 {E05: Open Catalan: 5 Nf3 Be7.} c5 13. dxc5 Bxc5 14. Qc2 {The position is equal.} Qc7 {[#]} 15. Ne4 $146 ({Predecessor:} 15. Bg5 Nd5 16. Rfd1 Bxf2+ 17. Kxf2 Qc5+ 18. Kg2 Nxc3 19. Qxc3 Qxg5 20. Qxc4 Qe5 21. Rd2 {1-0 (29) Kantans,T (2146)-Galehdari,B (1912) Vung Tau 2008}) 15... Nxe4 16. Qxe4 Rd8 17. Bf4 Qc8 18. Rfc1 Rd4 19. Qc2 {aiming for e3.} Rxf4 {This move loses the game for Black.} 20. gxf4 $18 Rc7 21. Qe4 f5 22. Qe5 Bb6 23. Rd1 Qe8 24. e3 Qg6+ 25. Kh1 Re7 26. Rg1 Qh5 27. Rg3 Qe2 $2 (27... Qe8 {is a better chance.} 28. Kg1 Qc6) 28. Rbg1 {[%cal Rg3g7]} g6 29. Qf6 {Intending Rxg6+! and mate.} Bc5 {[#]} (29... Rf7 $18 30. Qxe6 Kf8) 30. Rxg6+ $1 {[%mdl 576] Back Rank. White mates.} hxg6 31. Rxg6+ Kh7 32. Rh6+ Kg8 33. Rh8# {Weighted Error Value: White=0.09/Black=0.71} 1-0

[Event "African Online-ch Women 2021"]
[Site "Online"]
[Date "2021.02.01"]
[Round "9.3"]
[White "Latreche, Sabrina"]
[Black "Moaataz, Ayah"]
[Result "1-0"]
[WhiteElo "2076"]
[BlackElo "2028"]
[Annotator "TA"]
[PlyCount "83"]
[EventDate "2021.02.01"]
[EventType "swiss"]
[EventCountry "NET"]
[SourceTitle "playchess.com"]
[Source "ChessBase"]
[SourceQuality "1"]

{[%evp 16,83,26,20,20,14,16,16,21,16,52,26,36,21,49,14,70,72,90,77,98,91,134,79,85,85,89,82,103,92,109,99,106,92,142,155,193,177,286,230,341,330,297,202,318,268,362,342,453,501,497,491,479,509,508,502,487,497,578,367,1768,1737,1316,294,29979,1217,1154,1122,29997,29998]} 1. e4 c6 2. d4 d5 3. exd5 cxd5 4. Bd3 Nc6 5. c3 Qc7 6. h3 Nf6 7. Nf3 e6 8. O-O Bd6 9. Re1 h6 {B13: Caro-Kann: Exchange Variation and Panov-Botvinnik Attack.} 10. Qe2 O-O 11. Ne5 Nd7 {[%cal Rd7e5] The position is equal.} 12. f4 {[#]} Re8 $146 ({Predecessor:} 12... Ndxe5 13. fxe5 Be7 14. Nd2 f6 15. Nf3 fxe5 16. dxe5 Bd7 17. Bc2 Bc5+ 18. Kh1 Be8 {1-0 (32) Giesen,D (2214)-Prueske,W (2030) Berlin 2017}) 13. Qh5 Nf6 14. Qh4 Be7 15. Qf2 Qd8 ({Black should play} 15... b6 $11) 16. Nd2 $14 {[%cal Bb1d2,Bd2f3,Bf3e5][%mdl 32]} Nd7 17. Ndf3 Nf8 18. Qg3 f5 19. Bb5 (19. h4 $142) 19... Bd7 $16 20. Nxd7 Qxd7 21. Ne5 Qd6 22. Qd3 a6 23. Ba4 b5 24. Bc2 Rac8 25. g4 g6 26. Re2 Kh7 (26... Bf6 $142 27. a4 (27. gxf5 exf5 28. a4 Rb8 $16) 27... Rb8 28. gxf5 exf5) 27. Rg2 ({But not} 27. gxf5 $6 exf5 28. Rg2 Bh4 $16) 27... Nxe5 (27... Bh4 $142 28. a4 (28. gxf5 exf5 29. Bd2 Qf6 $16) 28... Nxe5 29. fxe5 Qd7 30. axb5 axb5) 28. fxe5 $18 Qd7 29. a3 Bd8 (29... Bh4 {keeps fighting.} 30. Qf3 Re7) 30. Be3 a5 31. Rf1 Rb8 32. Qd2 b4 33. axb4 axb4 34. Bxh6 bxc3 35. bxc3 Rb2 {intending ...Rxc2.} 36. Qc1 Qb7 37. Rff2 Ba5 $2 (37... Bh4 38. Rf1 Rb8) 38. gxf5 exf5 {[#]} 39. Qg5 $2 (39. Rxf5 $1 {[%mdl 512]} Rxc2 40. Qxc2) 39... Qf7 {[#]} (39... Bd8 $18 40. Qc1 Rxc2 41. Rxc2 Ne6) 40. Bxf8 (40. Rxf5 $142 $1 {[%mdl 512]} Qe7 (40... Qxf5 41. Bxf5) 41. Rf6 Rxc2 42. Rxc2 Qxf6 {[%mdl 64] Remove Defender} 43. exf6 Ne6 {[#]} 44. f7 $1 {[%mdl 512]} Rf8 45. Qxd5) 40... Rxf8 {[#]} 41. Rxf5 $3 {[%mdl 512]} Rxc2 (41... Qxf5 42. Bxf5) 42. Rxf7+ {Weighted Error Value: White=0.38/Black=0.76} 1-0

[Event "African Online-ch Women 2021"]
[Site "Online"]
[Date "2021.02.01"]
[Round "9.4"]
[White "Wafa, Shahenda"]
[Black "Charinda, Kudzanayi"]
[Result "1-0"]
[WhiteElo "2143"]
[BlackElo "1710"]
[Annotator "TA"]
[PlyCount "47"]
[EventDate "2021.02.01"]
[EventType "swiss"]
[EventCountry "NET"]
[SourceTitle "playchess.com"]
[Source "ChessBase"]
[SourceQuality "1"]

{[%evp 19,47,54,57,58,34,37,55,40,129,128,102,100,163,157,168,125,191,166,219,177,240,230,300,303,291,291,272,254,850,829]} 1. e4 c5 2. Nf3 d6 3. d4 cxd4 4. Nxd4 Nf6 5. Nc3 a6 6. Bg5 e6 7. f4 Be7 8. Qf3 Qc7 9. O-O-O Nc6 10. Nxc6 bxc6 11. e5 {B98: Sicilian Najdorf: 6 Bg5 e6 7 f4 Be7, sidelines.} dxe5 12. fxe5 Nd5 13. Bxe7 {White is slightly better.} Qxe7 (13... Nxe7 $14 14. Qg3 Nf5) 14. Ne4 $16 ({Of course not} 14. Nxd5 $6 cxd5 15. Qh5 O-O $11) 14... O-O 15. c4 Nb6 (15... f5 $16 16. Nd6 (16. cxd5 fxe4 17. Qxe4 Qg5+ 18. Kb1 exd5 $17) 16... Qg5+ 17. Kb1 Ne3) 16. Bd3 $18 {[#] Black must now prevent Nf6+!} Nd7 17. Qh3 {Threatens to win with Nf6+!} h6 (17... Kh8 $16 {was worth a try.}) 18. Qg3 {[#]} Kh8 $146 (18... f6 $142) ({Predecessor:} 18... Nc5 19. Nxc5 Qxc5 20. Qf4 Bb7 21. Qe4 g6 22. h4 Qe7 23. Qf4 Kg7 24. Be4 Rab8 {1-0 (34) Bjornsson,T (2163)-Gunnlaugsson,G (1847) Reykjavik 2016}) 19. Rhf1 Rb8 (19... Nc5 $142 20. Qg4 Nd7) 20. Nd6 f5 21. exf6 Rxf6 22. Rxf6 Qxf6 {[%csl Gb8][%cal Rf6b2]} 23. Rd2 Ne5 $2 {[#]} (23... Kg8 24. Be2 Qe7) 24. Qxe5 $1 {[%mdl 576] Remove Defender.  Weighted Error Value: White=0.09/Black=0.40} 1-0

[Event "African Online-ch Women 2021"]
[Site "Online"]
[Date "2021.02.01"]
[Round "9.5"]
[White "Madelta Glenda"]
[Black "Shah, Riya"]
[Result "0-1"]
[WhiteElo "1420"]
[BlackElo "1559"]
[Annotator "NA RC"]
[PlyCount "142"]
[EventDate "2021.02.01"]
[EventType "swiss"]
[EventCountry "NET"]
[SourceTitle "playchess.com"]
[Source "ChessBase"]
[SourceQuality "1"]
[TimeControl "1500+10"]

1. d4 {[%emt 0:00:00]} g6 {[%emt 0:00:04]} 2. Nc3 {[%emt 0:00:06]} Bg7 {[%emt 0:00:02]} 3. e4 {[%emt 0:00:08]} c5 {[%emt 0:00:09]} 4. dxc5 {[%emt 0:00:09]} Qa5 {[%emt 0:00:25]} 5. Bd2 {[%emt 0:00:05]} Qxc5 {[%emt 0:00:04]} 6. Nf3 {[%emt 0:00:06]} Qb6 {[%emt 0:00:34]} 7. Rb1 {[%emt 0:00:14]} d6 {[%emt 0:00:13]} 8. Bd3 {[%emt 0:00:11]} Nc6 {[%emt 0:00:06]} 9. h3 {[%emt 0:00:39]} Nf6 {[%emt 0:00:43]} 10. O-O {[%emt 0:00:06]} O-O {[%emt 0:00:03]} 11. Be3 {[%emt 0:00:05]} Qd8 {[%emt 0:00:07]} 12. Qd2 {[%emt 0:00:03]} Be6 {[%emt 0:02:13]} 13. Bh6 {[%emt 0:02:11]} d5 {[%emt 0:01:36]} 14. Bxg7 {[%emt 0:01:51]} Kxg7 {[%emt 0:00:10]} 15. Qf4 {[%emt 0:03:09]} Nh5 {[%emt 0:03:25]} 16. Qh4 {[%emt 0:02:09]} h6 {[%emt 0:02:36]} 17. Rfd1 {[%emt 0:01:25]} d4 {[%emt 0:01:24]} 18. Ne2 {[%emt 0:00:20]} f6 {[%emt 0:01:35]} 19. g4 {[%emt 0:00:15]} g5 {[%emt 0:00:54]} 20. Qxh5 {[%emt 0:02:07]} Bf7 {[%emt 0:00:06]} 21. Qxf7+ {[%emt 0:03:54]} Kxf7 {[%emt 0:02:20]} 22. Nexd4 {[%emt 0:00:20]} Qb6 {[%emt 0:00:48]} 23. Bc4+ {[%emt 0:00:32]} Kg6 {[%emt 0:00:44]} 24. Ne6 {[%emt 0:00:41]} Rfe8 {[%emt 0:02:01]} 25. a3 {[%emt 0:00:32]} Ne5 {[%emt 0:01:23]} 26. Nxe5+ {[%emt 0:03:03]} fxe5 {[%emt 0:00:03]} 27. Kg2 {[%emt 0:00:09]} Rac8 {[%emt 0:00:09]} 28. Bb3 {[%emt 0:00:18]} Qa6 {[%emt 0:02:25]} 29. c3 {[%emt 0:01:54]} Rc6 {[%emt 0:00:15]} 30. Nd8 {[%emt 0:00:14]} Rf6 {[%emt 0:00:50]} 31. Rd2 {[%emt 0:03:04]} Qb6 {[%emt 0:00:06]} 32. Bf7+ {[%emt 0:00:07]} Rxf7 {[%emt 0:00:09]} 33. Nxf7 {[%emt 0:00:03]} Kxf7 {[%emt 0:00:01]} 34. Rbd1 {[%emt 0:00:04]} Qc6 {[%emt 0:00:05]} 35. f3 {[%emt 0:00:04]} a6 {[%emt 0:00:20]} 36. Kf1 {[%emt 0:00:05]} Rc8 {[%emt 0:00:04]} 37. Kg2 {[%emt 0:00:08]} Qe6 {[%emt 0:00:31]} 38. Kf2 {[%emt 0:00:08]} Rc6 {[%emt 0:00:05]} 39. Ke2 {[%emt 0:00:06]} Rb6 {[%emt 0:00:05]} 40. Rc1 {[%emt 0:00:13]} Rd6 {[%emt 0:00:08]} 41. Rcd1 {[%emt 0:00:05]} Qc4+ {[%emt 0:00:06]} 42. Kf2 {[%emt 0:00:11]} Rxd2+ {[%emt 0:00:04]} 43. Rxd2 {[%emt 0:00:03]} Ke6 {[%emt 0:00:02]} 44. Ke1 {[%emt 0:00:03]} Qa2 {[%emt 0:00:05]} 45. Kf2 {[%emt 0:00:04]} Qb1 {[%emt 0:00:06]} 46. Kg2 {[%emt 0:00:20]} Qc1 {[%emt 0:00:18]} 47. Re2 {[%emt 0:00:08]} b5 {[%emt 0:00:01]} 48. Kg3 {[%emt 0:00:12]} Qf4+ {[%emt 0:00:03]} 49. Kg2 {[%emt 0:00:03]} Kd6 {[%emt 0:00:06]} 50. Kf1 {[%emt 0:00:15]} Kc5 {[%emt 0:00:03]} 51. Kg2 {[%emt 0:00:03]} Kc4 {[%emt 0:00:02]} 52. Rc2 {[%emt 0:00:14]} Kb3 {[%emt 0:00:05]} 53. Re2 {[%emt 0:00:04]} Qc1 {[%emt 0:00:03]} 54. Rf2 {[%emt 0:00:18]} a5 {[%emt 0:00:45]} 55. Re2 {[%emt 0:00:10]} a4 {[%emt 0:00:03]} 56. Rf2 {[%emt 0:00:10]} Qxb2 {[%emt 0:00:11]} 57. Rxb2+ {[%emt 0:00:29]} Kxb2 {[%emt 0:00:04]} 58. h4 {[%emt 0:00:02]} gxh4 {[%emt 0:00:03]} 59. Kh3 {[%emt 0:00:02]} Kxa3 {[%emt 0:00:01]} 60. Kxh4 {[%emt 0:00:02]} Kb3 {[%emt 0:00:01]} 61. Kh5 {[%emt 0:00:02]} a3 {[%emt 0:00:02]} 62. Kxh6 {[%emt 0:00:02]} a2 {[%emt 0:00:01]} 63. g5 {[%emt 0:00:02]} a1=Q {[%emt 0:00:02]} 64. g6 {[%emt 0:00:02]} Qxc3 {[%emt 0:00:06]} 65. g7 {[%emt 0:00:05]} Qc8 {[%emt 0:00:02]} 66. Kh7 {[%emt 0:00:09]} Kc3 {[%emt 0:00:02]} 67. g8=Q {[%emt 0:00:09]} Qxg8+ {[%emt 0:00:01]} 68. Kxg8 {[%emt 0:00:03]} b4 {[%emt 0:00:02]} 69. Kf7 {[%emt 0:00:02]} Kd4 {[%emt 0:00:01]} 70. Kxe7 {[%emt 0:00:04]} b3 {[%emt 0:00:01]} 71. Ke6 {[%emt 0:00:02]} b2 {[%emt 0:00:02]} 0-1